Statistics for Biggest Cities that Start with D

Click here to take the quiz!

General Stats

  • This quiz has been taken 206 times
    (186 since last reset)
  • The average score is 8 of 9

Answer Stats

ClueAnswer% Correct
Capital of IrelandDublin
100%
City of the Tallest Building in the WorldDubai
99%
Capital of SyriaDamascus
95%
French Country on the Horn of Africa who’s Capital is the same name as the Country’sDjibouti
94%
Capital of BangladeshDhaka
92%
Capital of SenegalDakar
90%
Biggest City in TanzaniaDar es Salaam
82%
Capital of TajikistanDushanbe
72%
Capital of Bali (Indonesia)Denpasar
52%

Score Distribution

Percentile by Number Answered

Percent of People with Each Score

Your Score History

You have not taken this quiz since the last reset